000 00737nam a2200289Ia 4500
005 20260324123326.0
008 008 260324s9999 xx 000 0 eng d
020 _a9780203126936
037 _aEBOOK
040 _aCRL
040 _beng
040 _cCRL
041 _2eng
041 _aeng
084 _qCRL
100 _aSebastian M. Buettner
_91169886
245 0 _aMobilizing Regions, Mobilizing Europe
245 0 _bExpert Knowledge and Scientific Planning in European Regional Development
260 _bTaylor and Francis
260 _c2012
365 _a
365 _b150
856 _uhttp://www.taylorfrancis.com/books/9780203126936
942 _cEBOOK
999 _c1763305
_d1763305